00294 a2200097 4500001001000000005001700010008004100027245003200068100002400100773007200124ART_1156320260410161858.0260409a 10aTwo comments on tax evasion1 aChristiansen, Vidar0 tJournal of public economicsg- Vol. 13, NÂș 3 (jun. 1980)wREV11485